[Event "Rhodes Summer Cup"]
[Site "Rhodes"]
[Date "2023.08.26"]
[Round "6"]
[White "Goroshkov, Maksym"]
[Black "Fang, Yan"]
[Result "1/2-1/2"]
[WhiteElo "2257"]
[BlackElo "2440"]
[PlyCount "74"]
[EventDate "2023.08.21"]
[EventType "swiss"]
[EventRounds "9"]
[EventCountry "GRE"]
[SourceTitle "CBM 215 Extra"]
[Source "ChessBase"]
[SourceDate "2023.09.30"]
[SourceVersion "1"]
[SourceVersionDate "2023.09.30"]
[SourceQuality "1"]

1. g3 Nf6 2. Bg2 d5 3. Nf3 c6 4. 0-0 Bg4 5. Ne5 Bh5 6. d4 e6 7. c4 Nbd7 8. f4 Be7 9. Nc3 0-0 10. h3 Bg6 11. Be3 Nxe5 12. dxe5 Nd7 13. cxd5 cxd5 14. g4 h6 15. Rc1 Bh7 16. Kh1 Nb8 17. Qb3 Qd7 18. Rfd1 Nc6 19. f5 Kh8 20. f6 gxf6 21. exf6 Bxf6 22. Bxh6 Bg7 23. Bxg7+ Kxg7 24. e3 Rac8 25. Ne2 Ne5 26. Rxc8 Rxc8 27. e4 Qc7 28. Rc1 Qxc1+ 29. Nxc1 Rxc1+ 30. Kh2 dxe4 31. Qe3 Rc2 32. Qg5+ Ng6 33. Kg3 f5 34. gxf5 exf5 35. Bxe4 fxe4 36. h4 Rxb2 37. h5 Rxa2 1/2-1/2

[Event "Split op 12th"]
[Site "Split"]
[Date "2023.08.12"]
[Round "8"]
[White "Martinovic, Sasa"]
[Black "Fang, Yan"]
[Result "1/2-1/2"]
[WhiteElo "2552"]
[BlackElo "2440"]
[PlyCount "31"]
[EventDate "2023.08.05"]
[EventType "swiss"]
[EventRounds "9"]
[EventCountry "CRO"]
[SourceTitle "CBM 215 Extra"]
[Source "ChessBase"]
[SourceDate "2023.09.30"]
[SourceVersion "1"]
[SourceVersionDate "2023.09.30"]
[SourceQuality "1"]

1. d4 d5 2. c4 dxc4 3. Nf3 Nf6 4. e3 e6 5. Bxc4 c5 6. 0-0 a6 7. e4 b5 8. Bd3 Bb7 9. e5 Nd5 10. Nc3 Nxc3 11. bxc3 cxd4 12. cxd4 Be7 13. Be3 Nc6 14. Be4 Rb8 15. Qb1 Nb4 16. Rc1 1/2-1/2

[Event "CHN-chT"]
[Site "Liaocheng"]
[Date "2021.10.26"]
[Round "7.1"]
[White "Fang, Yan"]
[Black "Dai, Changren"]
[Result "1/2-1/2"]
[WhiteElo "2428"]
[BlackElo "2506"]
[PlyCount "65"]
[EventDate "2021.10.20"]
[EventType "team-swiss"]
[EventRounds "9"]
[EventCountry "CHN"]
[SourceTitle "CBM 204 Extra"]
[Source "ChessBase"]
[SourceDate "2021.11.30"]
[SourceVersion "1"]
[SourceVersionDate "2021.11.30"]
[SourceQuality "1"]
[WhiteTeam "Hubei"]
[BlackTeam "Tianjin"]
[WhiteTeamCountry "CHN"]
[BlackTeamCountry "CHN"]

1. e4 e5 2. Nf3 Nc6 3. Nc3 Nf6 4. d4 exd4 5. Nxd4 Bb4 6. Nxc6 bxc6 7. Bd3 d5 8. exd5 0-0 9. 0-0 cxd5 10. Bg5 c6 11. Qf3 Bd6 12. Rae1 Rb8 13. Nd1 h6 14. Bxf6 Qxf6 15. Qxf6 gxf6 16. b3 Kg7 17. Ne3 Re8 18. Nf5+ Bxf5 19. Bxf5 Re5 20. Bd3 Rbe8 21. Rd1 f5 22. f4 R5e6 23. Bxf5 Rf6 24. Bd3 Rxf4 25. Rxf4 Bxf4 26. g3 Bd6 27. Rf1 Re6 28. Kg2 a5 29. Rf2 Bc5 30. Rf4 Bd6 31. Rf2 Bc5 32. Rf4 Bd6 33. Rf2 1/2-1/2

[Event "CHN-chT"]
[Site "Liaocheng"]
[Date "2021.10.22"]
[Round "3.1"]
[White "Xu, Zhihang"]
[Black "Fang, Yan"]
[Result "0-1"]
[WhiteElo "2515"]
[BlackElo "2428"]
[PlyCount "96"]
[EventDate "2021.10.20"]
[EventType "team-swiss"]
[EventRounds "9"]
[EventCountry "CHN"]
[SourceTitle "CBM 204 Extra"]
[Source "ChessBase"]
[SourceDate "2021.11.30"]
[SourceVersion "1"]
[SourceVersionDate "2021.11.30"]
[SourceQuality "1"]
[WhiteTeam "Qingdao"]
[BlackTeam "Hubei"]
[WhiteTeamCountry "CHN"]
[BlackTeamCountry "CHN"]

1. d4 Nf6 2. c4 e6 3. Nc3 Bb4 4. Nf3 0-0 5. e3 b6 6. Bd3 Bb7 7. 0-0 d5 8. a3 Bd6 9. b4 dxc4 10. Bxc4 a5 11. b5 Nbd7 12. h3 e5 13. Bb2 e4 14. Nd2 Re8 15. Qb3 Re7 16. Rae1 Nf8 17. f4 exf3 18. Nxf3 Ne6 19. Re2 Nh5 20. Ref2 Ng3 21. Re1 Bxf3 22. Bxe6 Rxe6 23. Rxf3 Qh4 24. Rd1 Rae8 25. Bc1 h6 26. Bd2 g5 27. e4 Nxe4 28. Nxe4 Qxe4 29. Bc3 Qh4 30. Qc2 g4 31. Rxf7 Kxf7 32. Qh7+ Kf8 33. Rf1+ Rf6 34. Qh8+ Ke7 35. Qg7+ Kd8 36. Qxf6+ Qxf6 37. Rxf6 gxh3 38. Rxh6 h2+ 39. Kf2 Rf8+ 40. Ke2 Rg8 41. Kf2 Rg3 42. Be1 Rxa3 43. Ke2 Ra2+ 44. Kf3 Ra1 45. Rh8+ Ke7 46. Kf2 a4 47. g3 Kf7 48. d5 a3 0-1

[Event "CHN-chT"]
[Site "Liaocheng"]
[Date "2021.10.21"]
[Round "2.1"]
[White "Fang, Yan"]
[Black "Cai, Youyang"]
[Result "1-0"]
[WhiteElo "2428"]
[BlackElo "2040"]
[PlyCount "99"]
[EventDate "2021.10.20"]
[EventType "team-swiss"]
[EventRounds "9"]
[EventCountry "CHN"]
[SourceTitle "CBM 204 Extra"]
[Source "ChessBase"]
[SourceDate "2021.11.30"]
[SourceVersion "1"]
[SourceVersionDate "2021.11.30"]
[SourceQuality "1"]
[WhiteTeam "Hubei"]
[BlackTeam "Ningbo"]
[WhiteTeamCountry "CHN"]
[BlackTeamCountry "CHN"]

1. e4 c5 2. Nf3 Nc6 3. d4 cxd4 4. Nxd4 e5 5. Nb5 a6 6. Nd6+ Bxd6 7. Qxd6 Qe7 8. Qd1 Nf6 9. Nc3 d6 10. Nd5 Nxd5 11. exd5 Nb8 12. Be2 0-0 13. 0-0 Nd7 14. a4 e4 15. a5 Ne5 16. Bd2 f5 17. f4 exf3 18. Bxf3 Bd7 19. Bc3 Nc4 20. Re1 Qg5 21. Qe2 Bb5 22. Qe6+ Rf7 23. b3 Bd7 24. Qe2 Ne5 25. Bxe5 Re8 26. Bxd6 Rxe2 27. Rxe2 f4 28. Rae1 g6 29. Re5 Qd8 30. Bb4 b6 31. d6 bxa5 32. Bxa5 Qb8 33. Rd1 Kf8 34. Be1 Bf5 35. c4 Bc2 36. Rd2 Bxb3 37. c5 Ba4 38. Bd5 Rd7 39. Rd4 Qb2 40. Rxf4+ Kg7 41. Re3 Qc1 42. Kf2 Qc2+ 43. Kg3 Qxc5 44. Bc3+ Kh6 45. Rh4+ Kg5 46. Re5+ Kf6 47. Rf4+ Kg7 48. Re7+ Kh6 49. Bg7+ Kh5 50. Bf3+ 1-0

[Event "CHN-chT"]
[Site "China"]
[Date "2018.10.28"]
[Round "17.3"]
[White "Wan, Yunguo"]
[Black "Fang, Yan"]
[Result "1-0"]
[WhiteElo "2500"]
[BlackElo "2428"]
[PlyCount "59"]
[EventDate "2018.04.11"]
[EventType "team-tourn"]
[EventRounds "22"]
[EventCountry "CHN"]
[SourceTitle "CBM 187 Extra"]
[Source "ChessBase"]
[SourceDate "2018.11.04"]
[SourceVersion "1"]
[SourceVersionDate "2018.11.04"]
[SourceQuality "1"]
[WhiteTeam "Hebei Sports Lottery"]
[BlackTeam "Beijing Beiao"]
[WhiteTeamCountry "CHN"]
[BlackTeamCountry "CHN"]

1. e4 e5 2. Nf3 Nc6 3. Bc4 Nf6 4. Ng5 d5 5. exd5 Na5 6. Bb5+ c6 7. dxc6 bxc6 8. Bd3 Ng4 9. Ne4 f5 10. Be2 h5 11. h3 fxe4 12. hxg4 Bc5 13. g5 Qxg5 14. b4 Qxg2 15. Rf1 Bxf2+ 16. Rxf2 Qh1+ 17. Rf1 Qh4+ 18. Rf2 Bg4 19. Bxg4 hxg4 20. Qe2 g3 21. Rg2 0-0 22. d3 Qh1+ 23. Kd2 e3+ 24. Kc3 Qxc1 25. Qg4 Rad8 26. Rxg3 Rf7 27. Rg1 Rxd3+ 28. Kxd3 Qb2 29. Nc3 e4+ 30. Nxe4 1-0

[Event "CHN-chT"]
[Site "China"]
[Date "2017.08.18"]
[Round "12.1"]
[White "Fang, Yan"]
[Black "Bai, Jinshi"]
[Result "0-1"]
[WhiteElo "2426"]
[BlackElo "2585"]
[PlyCount "130"]
[EventDate "2017.04.18"]
[EventType "team-tourn"]
[EventRounds "22"]
[EventCountry "CHN"]
[SourceTitle "EXT 2018"]
[Source "ChessBase"]
[SourceDate "2017.10.13"]
[SourceVersion "1"]
[SourceVersionDate "2017.10.13"]
[SourceQuality "1"]
[WhiteTeam "Beijing"]
[BlackTeam "Hangzhou"]
[WhiteTeamCountry "CHN"]
[BlackTeamCountry "CHN"]

1. e4 e5 2. Nf3 Nf6 3. Nxe5 d6 4. Nf3 Nxe4 5. d3 Nf6 6. d4 d5 7. Bd3 c5 8. dxc5 Bxc5 9. Qe2+ Be6 10. Ng5 Qe7 11. Nxe6 Qxe6 12. 0-0 0-0 13. Nc3 Nc6 14. Bg5 Qxe2 15. Bxe2 Ne4 16. Nxe4 dxe4 17. c3 h6 18. Be3 Bxe3 19. fxe3 Rad8 20. Rad1 g6 21. Bc4 Rxd1 22. Rxd1 Kg7 23. Kf2 Ne5 24. Rd4 f5 25. Ke2 Rc8 26. Bb3 Rc7 27. Rd6 Nd3 28. g4 Nxb2 29. gxf5 gxf5 30. h4 h5 31. Rd5 Kf6 32. Rd6+ Kg7 33. Rd5 Kf6 34. Rd6+ Ke7 35. Rh6 Rxc3 36. Rxh5 Kf6 37. Rh6+ Kg7 38. Rd6 Nc4 39. Bxc4 Rxc4 40. Kf2 Rc2+ 41. Kg3 Rxa2 42. Rd7+ Kf6 43. Rxb7 Ra3 44. Kf2 Ra2+ 45. Kg3 Ra3 46. Kf2 Kg6 47. Rb5 a6 48. Rc5 Ra1 49. Rd5 a5 50. h5+ Kg5 51. h6 a4 52. Kg2 Kxh6 53. Rxf5 a3 54. Rc5 a2 55. Ra5 Kg6 56. Ra6+ Kf5 57. Ra5+ Ke6 58. Ra4 Kd5 59. Kh2 Kc5 60. Kg2 Kb5 61. Ra8 Kc4 62. Ra3 Kb4 63. Ra8 Kb3 64. Rb8+ Kc3 65. Ra8 Rd1 0-1

[Event "CHN-chT"]
[Site "China"]
[Date "2017.05.24"]
[Round "6.1"]
[White "Fang, Yan"]
[Black "Fang, Yuxiang"]
[Result "1/2-1/2"]
[WhiteElo "2443"]
[BlackElo "2498"]
[PlyCount "81"]
[EventDate "2017.04.18"]
[EventType "team-tourn"]
[EventRounds "22"]
[EventCountry "CHN"]
[SourceTitle "EXT 2018"]
[Source "ChessBase"]
[SourceDate "2017.10.13"]
[SourceVersion "1"]
[SourceVersionDate "2017.10.13"]
[SourceQuality "1"]
[WhiteTeam "Beijing"]
[BlackTeam "Qingdao"]
[WhiteTeamCountry "CHN"]
[BlackTeamCountry "CHN"]

1. e4 e5 2. Nf3 Nc6 3. Nc3 Nf6 4. d4 exd4 5. Nxd4 Bb4 6. Nxc6 bxc6 7. Bd3 d5 8. exd5 cxd5 9. 0-0 0-0 10. Bg5 c6 11. Qf3 Bd6 12. Rae1 Rb8 13. Nd1 h6 14. Bxf6 Qxf6 15. Qxf6 gxf6 16. b3 Bd7 17. Ne3 Bb4 18. Rd1 Rfe8 19. Nf5 h5 20. h3 Bc3 21. Ng3 h4 22. Nf5 Rb4 23. g4 hxg3 24. fxg3 c5 25. Rf3 Be5 26. Bf1 Be6 27. Bg2 a5 28. Ne3 d4 29. Ng4 Kg7 30. Rdf1 Bxg4 31. hxg4 d3 32. Rxd3 Rxg4 33. Bc6 Re7 34. Rff3 c4 35. Rd7 Rxd7 36. Bxd7 Rd4 37. Bf5 Kh6 38. c3 Rd1+ 39. Rf1 Rd2 40. Rf2 Rxf2 41. Kxf2 1/2-1/2

[Event "Asian Continental op 16th"]
[Site "Chengdu"]
[Date "2017.05.12"]
[Round "1"]
[White "Wang, Hao"]
[Black "Fang, Yan"]
[Result "1-0"]
[WhiteElo "2680"]
[BlackElo "2443"]
[PlyCount "69"]
[EventDate "2017.05.12"]
[EventType "swiss"]
[EventRounds "9"]
[EventCountry "CHN"]
[SourceTitle "CBM 178 Extra"]
[Source "ChessBase"]
[SourceDate "2017.06.22"]
[SourceVersion "1"]
[SourceVersionDate "2017.06.22"]
[SourceQuality "1"]

1. e4 c5 2. Nf3 e6 3. d4 cxd4 4. Nxd4 a6 5. Bd3 Qc7 6. 0-0 Nf6 7. Qe2 d6 8. c4 g6 9. Nc3 Bg7 10. h3 0-0 11. Nf3 Nc6 12. Be3 Nd7 13. Rac1 b6 14. Rfd1 Bb7 15. Bb1 Nc5 16. b3 Rac8 17. Qd2 Rfd8 18. Bg5 Rd7 19. Qe3 Qb8 20. Ne2 Qa8 21. a3 a5 22. Bc2 Ne5 23. Nxe5 Bxe5 24. f3 Rdc7 25. Nc3 a4 26. bxa4 Bc6 27. f4 Bxc3 28. Qxc3 Bxe4 29. Bh6 f5 30. Rxd6 Bxc2 31. Qxc2 Qe4 32. Qc3 e5 33. Re1 Qb7 34. Qxe5 Ne4 35. Qe6+ 1-0

[Event "CHN-ch"]
[Site "Xinghua"]
[Date "2017.05.04"]
[Round "11"]
[White "Fang, Yan"]
[Black "Xu, Minghui"]
[Result "1/2-1/2"]
[WhiteElo "2447"]
[BlackElo "2283"]
[PlyCount "61"]
[EventDate "2017.04.23"]
[EventType "tourn"]
[EventRounds "11"]
[EventCountry "CHN"]
[EventCategory "12"]
[SourceTitle "CBM 178"]
[Source "ChessBase"]
[SourceDate "2017.05.14"]
[SourceVersion "1"]
[SourceVersionDate "2017.05.14"]
[SourceQuality "1"]

1. e4 e5 2. Nf3 Nc6 3. Nc3 Nf6 4. d4 exd4 5. Nxd4 Bb4 6. Nxc6 bxc6 7. Bd3 d5 8. exd5 cxd5 9. 0-0 0-0 10. Bg5 c6 11. Qf3 h6 12. Bxf6 Qxf6 13. Qxf6 gxf6 14. Ne2 Rb8 15. Ng3 Bd6 16. b3 Re8 17. Rae1 Bd7 18. Nf5 Bxf5 19. Bxf5 Bb4 20. Rxe8+ Rxe8 21. Bd3 Kf8 22. g3 Re1 23. Rxe1 Bxe1 24. Kf1 Bc3 25. Ke2 c5 26. f4 d4 27. Kf3 a5 28. a4 Bb4 29. Ke2 Bc3 30. Kf3 Bb4 31. Ke4 1/2-1/2

[Event "CHN-ch"]
[Site "Xinghua"]
[Date "2017.05.02"]
[Round "9"]
[White "Fang, Yan"]
[Black "Bai, Jinshi"]
[Result "1/2-1/2"]
[WhiteElo "2447"]
[BlackElo "2585"]
[PlyCount "68"]
[EventDate "2017.04.23"]
[EventType "tourn"]
[EventRounds "11"]
[EventCountry "CHN"]
[EventCategory "12"]
[SourceTitle "CBM 178"]
[Source "ChessBase"]
[SourceDate "2017.05.14"]
[SourceVersion "1"]
[SourceVersionDate "2017.05.14"]
[SourceQuality "1"]

1. e4 c5 2. Nf3 e6 3. Nc3 Nc6 4. Bb5 Nge7 5. 0-0 a6 6. Bxc6 Nxc6 7. d4 cxd4 8. Nxd4 Qc7 9. Nxc6 bxc6 10. Re1 e5 11. Qd3 Be7 12. Qg3 0-0 13. Bh6 Bf6 14. Rad1 d6 15. b3 Be6 16. Rd3 Rfd8 17. Rf3 Qe7 18. Rxf6 Qxf6 19. Bg5 Qg6 20. Bxd8 Qxg3 21. hxg3 Rxd8 22. f4 f6 23. Kf2 Kf8 24. Na4 c5 25. c4 Bd7 26. Nc3 Bc6 27. Ke3 Rb8 28. Rh1 h6 29. f5 Ke7 30. g4 Rg8 31. Nd5+ Bxd5 32. cxd5 Rb8 33. Rc1 Rb4 34. Rc4 Rxc4 1/2-1/2

[Event "CHN-ch"]
[Site "Xinghua"]
[Date "2017.04.24"]
[Round "2"]
[White "Fang, Yan"]
[Black "Zeng, Chongsheng"]
[Result "0-1"]
[WhiteElo "2447"]
[BlackElo "2536"]
[PlyCount "122"]
[EventDate "2017.04.23"]
[EventType "tourn"]
[EventRounds "11"]
[EventCountry "CHN"]
[EventCategory "12"]
[SourceTitle "CBM 178"]
[Source "ChessBase"]
[SourceDate "2017.05.14"]
[SourceVersion "1"]
[SourceVersionDate "2017.05.14"]
[SourceQuality "1"]

1. e4 d5 2. exd5 Qxd5 3. Nc3 Qd6 4. d4 Nf6 5. Nf3 a6 6. h3 g6 7. Bd3 Bg7 8. 0-0 0-0 9. Re1 c5 10. dxc5 Qxc5 11. Be3 Qc7 12. Qd2 Nc6 13. Bh6 Rd8 14. Bxg7 Kxg7 15. Ne4 Nd5 16. Bc4 Nf4 17. Qc3+ f6 18. Bb3 Nd5 19. Qc4 e5 20. Rad1 Be6 21. Nc5 Bf7 22. Qg4 Qe7 23. Na4 Nf4 24. Nb6 h5 25. Qd7 Rxd7 26. Rxd7 Qxd7 27. Nxd7 Bxb3 28. axb3 Nb4 29. c3 Nbd3 30. Rd1 Nxb2 31. Rd6 b5 32. Rxf6 Nbd3 33. Rb6 e4 34. Nfe5 Re8 35. Rb7 Nxe5 36. Nxe5+ Kf6 37. Nd7+ Kf5 38. Nc5 e3 39. fxe3 Rxe3 40. Rf7+ Kg5 41. Kf2 Re8 42. Kf3 Ne6 43. Nxe6+ Rxe6 44. Rc7 Rf6+ 45. Kg3 h4+ 46. Kh2 Kf4 47. c4 b4 48. Rb7 a5 49. Rb5 Rf5 50. Rb6 g5 51. g3+ Ke3 52. Rb5 Ke4 53. gxh4 gxh4 54. c5 Kd4 55. Rxa5 Rxc5 56. Ra7 Kc3 57. Rh7 Kxb3 58. Rxh4 Kc3 59. Rf4 b3 60. Kg3 b2 61. Rf1 Rc4 0-1

[Event "Bangkok op 17th"]
[Site "Bangkok"]
[Date "2017.04.11"]
[Round "4"]
[White "Andersen, Soren Mikkel"]
[Black "Fang, Yan"]
[Result "0-1"]
[WhiteElo "2095"]
[BlackElo "2447"]
[PlyCount "84"]
[EventDate "2017.04.08"]
[EventType "swiss"]
[EventRounds "9"]
[EventCountry "THA"]
[SourceTitle "CBM 177 Extra"]
[Source "ChessBase"]
[SourceDate "2017.04.27"]
[SourceVersion "1"]
[SourceVersionDate "2017.04.27"]
[SourceQuality "1"]

1. d4 Nf6 2. c4 d6 3. Nf3 g6 4. Nc3 Bf5 5. g3 Bg7 6. Bg2 Ne4 7. Nh4 Nxc3 8. bxc3 Bc8 9. 0-0 0-0 10. e4 c5 11. Be3 Nc6 12. Qd3 Qc7 13. f4 b6 14. Nf3 Ba6 15. Nd2 Na5 16. d5 Qd7 17. a4 f5 18. Rfe1 Rae8 19. Bf2 Kh8 20. e5 dxe5 21. fxe5 e6 22. d6 Nc6 23. a5 Bb7 24. axb6 axb6 25. Nf3 g5 26. Nxg5 Nxe5 27. Rxe5 Bxg2 28. Rxe6 Be4 29. Rxe4 fxe4 30. Qd2 h6 31. Be3 hxg5 32. Bxg5 Rf3 33. Be7 Rxe7 34. dxe7 Qxe7 35. Qd5 Rf8 36. Qh5+ Kg8 37. Qd5+ Qf7 38. Qxe4 Bxc3 39. Qg4+ Bg7 40. Rb1 Qf2+ 41. Kh1 Re8 42. Rd1 Qe2 0-1

[Event "Bangkok op 17th"]
[Site "Bangkok"]
[Date "2017.04.10"]
[Round "3"]
[White "Fang, Yan"]
[Black "Lopez, Henry"]
[Result "1/2-1/2"]
[WhiteElo "2447"]
[BlackElo "2138"]
[PlyCount "132"]
[EventDate "2017.04.08"]
[EventType "swiss"]
[EventRounds "9"]
[EventCountry "THA"]
[SourceTitle "CBM 177 Extra"]
[Source "ChessBase"]
[SourceDate "2017.04.27"]
[SourceVersion "1"]
[SourceVersionDate "2017.04.27"]
[SourceQuality "1"]

1. e4 c5 2. Nc3 a6 3. Nf3 d6 4. d4 cxd4 5. Nxd4 Nf6 6. Bc4 e6 7. Bb3 b5 8. 0-0 Be7 9. Qf3 Qb6 10. Be3 Qb7 11. a3 0-0 12. Rfe1 Nbd7 13. Qg3 Nc5 14. Bh6 Ne8 15. Ba2 Kh8 16. Bg5 Bxg5 17. Qxg5 Nf6 18. Qe3 b4 19. axb4 Qxb4 20. Nb3 Ncd7 21. Rad1 Rb8 22. Qd4 Ne8 23. Qxb4 Rxb4 24. Na5 Rxb2 25. Bb3 Nb6 26. Rc1 d5 27. Nd1 Rxb3 28. cxb3 Bd7 29. e5 f6 30. Nb7 fxe5 31. Rxe5 Nf6 32. f3 Kg8 33. Ra1 Bc8 34. Nd6 Bd7 35. Nb7 Bc8 36. Nc5 Nbd7 37. Nxd7 Bxd7 38. Rxa6 Rb8 39. Ra3 Rb7 40. Nf2 Rc7 41. Ra1 Rc3 42. Rb1 Kf7 43. Ree1 d4 44. Rbd1 Rxb3 45. Rxd4 Bc6 46. Rc1 Bd5 47. Rc7+ Kg6 48. Nd3 h5 49. Nf4+ Kh6 50. h4 Bxf3 51. Nxe6 Rb1+ 52. Kh2 Bd5 53. Nxg7 Kg6 54. Rf4 Ng4+ 55. Kh3 Rh1+ 56. Kg3 Rg1 57. Rxg4+ hxg4 58. Kf4 Rxg2 59. h5+ Kh6 60. Nf5+ Kxh5 61. Ke5 Re2+ 62. Kxd5 Kg5 63. Nd4 Re3 64. Rg7+ Kf4 65. Ne6+ Rxe6 66. Kxe6 g3 1/2-1/2

[Event "Bangkok op 17th"]
[Site "Bangkok"]
[Date "2017.04.08"]
[Round "1"]
[White "Fang, Yan"]
[Black "Shubham, Lakudkar"]
[Result "1/2-1/2"]
[WhiteElo "2447"]
[BlackElo "1958"]
[PlyCount "92"]
[EventDate "2017.04.08"]
[EventType "swiss"]
[EventRounds "9"]
[EventCountry "THA"]
[SourceTitle "CBM 177 Extra"]
[Source "ChessBase"]
[SourceDate "2017.04.27"]
[SourceVersion "1"]
[SourceVersionDate "2017.04.27"]
[SourceQuality "1"]

1. e4 d5 2. exd5 Qxd5 3. Nc3 Qd6 4. d4 Nf6 5. Bc4 a6 6. Nf3 b5 7. Bb3 Bb7 8. 0-0 e6 9. Re1 Be7 10. Ng5 Rf8 11. Nce4 Bxe4 12. Nxe4 Nxe4 13. Rxe4 c5 14. Bf4 Qd7 15. c3 Nc6 16. a4 Rd8 17. axb5 axb5 18. dxc5 Qxd1+ 19. Bxd1 Bxc5 20. b4 Bd6 21. Be2 Bxf4 22. Bxb5 Bd2 23. Rc4 Ke7 24. Rxc6 Rc8 25. Ra7+ Kf6 26. Rac7 Ra8 27. Ba6 Bxc3 28. Rxc3 Rxa6 29. h4 Rb6 30. R3c4 h6 31. Rf4+ Kg6 32. Kf1 f5 33. Rd4 Kf6 34. f4 g5 35. g3 gxh4 36. gxh4 Rg8 37. h5 Rg7 38. Rxg7 Kxg7 39. Ke2 Kf7 40. Ke3 e5 41. Rc4 Ke6 42. fxe5 Kxe5 43. Rc5+ Kd6 44. Rc4 Kd5 45. Kd3 Rb5 46. Kc3 Kd6 1/2-1/2

[Event "Danzhou Hainan op 1st"]
[Site "Danzhou"]
[Date "2016.12.13"]
[Round "6"]
[White "Fang, Yan"]
[Black "Zhao, Zong Yuan"]
[Result "1/2-1/2"]
[WhiteElo "2429"]
[BlackElo "2544"]
[PlyCount "46"]
[EventDate "2016.12.07"]
[EventType "swiss"]
[EventRounds "9"]
[EventCountry "CHN"]
[SourceTitle "CBM 176 Extra"]
[Source "ChessBase"]
[SourceDate "2017.03.02"]
[SourceVersion "1"]
[SourceVersionDate "2017.03.02"]
[SourceQuality "1"]

1. e4 e5 2. Nf3 Nc6 3. Bc4 Nf6 4. d3 Bc5 5. c3 d6 6. 0-0 a6 7. a4 Ba7 8. Na3 0-0 9. Bg5 Be6 10. b4 h6 11. Bh4 Re8 12. b5 Nb8 13. Nd2 c6 14. bxc6 bxc6 15. Bxe6 Rxe6 16. Nc2 Nbd7 17. a5 Qc7 18. Nb4 Bc5 19. Qa4 Bxb4 20. cxb4 Nh5 21. Bg3 Ree8 22. Rfc1 Rec8 23. Nc4 Rab8 1/2-1/2

[Event "Danzhou Hainan op 1st"]
[Site "Danzhou"]
[Date "2016.12.11"]
[Round "5"]
[White "Fang, Yan"]
[Black "Zhou, Jianchao"]
[Result "1/2-1/2"]
[WhiteElo "2429"]
[BlackElo "2632"]
[PlyCount "67"]
[EventDate "2016.12.07"]
[EventType "swiss"]
[EventRounds "9"]
[EventCountry "CHN"]
[SourceTitle "CBM 176 Extra"]
[Source "ChessBase"]
[SourceDate "2017.03.02"]
[SourceVersion "1"]
[SourceVersionDate "2017.03.02"]
[SourceQuality "1"]

1. e4 c6 2. d4 d5 3. Nc3 dxe4 4. Nxe4 Bf5 5. Ng3 Bg6 6. N1e2 Nf6 7. Nf4 e5 8. Nxg6 hxg6 9. dxe5 Qa5+ 10. Bd2 Qxe5+ 11. Qe2 Qxe2+ 12. Bxe2 Bc5 13. 0-0 Nbd7 14. Bc3 Nb6 15. Rad1 Nbd5 16. Bxf6 gxf6 17. Bf3 Nf4 18. c3 f5 19. b4 Bb6 20. a4 a5 21. b5 Rc8 22. bxc6 bxc6 23. Ne2 Ne6 24. g3 Ke7 25. Kg2 Rhd8 26. Rxd8 Kxd8 27. h4 Nc5 28. Nd4 Nxa4 29. Nxc6+ Ke8 30. Nxa5 Nxc3 31. Nb3 Ne4 32. Bxe4 fxe4 33. Rc1 Rxc1 34. Nxc1 1/2-1/2